| 000 | 00544nam a2200193 a 4500 | ||
|---|---|---|---|
| 001 | 4660 | ||
| 003 | CO-ViMGA | ||
| 008 | 141112s2004 ck r 000 u spa d | ||
| 040 |
_aCO-ViMGA _bspa _cCO-ViMGA |
||
| 082 | 0 | 4 | _a920.72 R341 |
| 100 | 1 |
_aReibnitz, Marie Christine Von _955644 |
|
| 245 | 1 | 0 | _aHistorias de amor en alcobas reales |
| 260 |
_aBuenos aires : _bJavier Vergara, _c1994 |
||
| 300 | _a379 p | ||
| 490 | _aBiografĂa e historia | ||
| 650 | 1 | 4 |
_aMUJERES - BRIOGRAFIAS _955645 |
| 650 | 1 | 4 |
_aRELATOS AMOROSOS _955646 |
| 942 |
_2ddc _cBK |
||
| 999 |
_c16670 _d16670 |
||